Statistics for Countries with the most people of German descent

Click here to take the quiz!

General Stats

  • This quiz has been taken 57 times
  • The average score is 13 of 15

Answer Stats

Answer% Correct
6France
96%
3United Kingdom
96%
1United States
96%
4Austria
94%
5Italy
94%
8Canada
92%
7Spain
89%
2Switzerland
89%
10Australia
85%
11Poland
83%
9Russia
83%
14Brazil
77%
13New Zealand
77%
12Hungary
58%
15South Africa
53%

Score Distribution

Percentile by Number Answered

Percent of People with Each Score

Your Score History

You have not taken this quiz